Most Popular Restaurants In The U.S - Statistics

General Stats
  • This quiz has been taken 39 times
  • The average score is 3 of 10
Answer Stats
Rank Answer % Correct
6. KFC
64%
2. Wendy's
64%
5. Chick-Fil-A
48%
10. Domino's Pizza
39%
3. Pizza Hut
39%
8. Dunkin' Donuts
24%
1. Dairy Queen
12%
7. Krispy Kreme
12%
4. Baskin-Robbins
9%
9. Cinnabon
9%
No matching quizzes found
Score Distribution
Percent of People with Each Score
Percentile by Number Answered
Your Score History
You have not taken this quiz